00161nam a22000737a 4500082001300000100001800013245004600031300001000077 a651.0285 akuysko, chiri aHoughton mifflin information processing/ a263p;